Hypermedia : (Record no. 761)
[ view plain ]
| 000 -LEADER | |
|---|---|
| fixed length control field | 00698nac a22001811u 4500 |
| 020 ## - INTERNATIONAL STANDARD BOOK NUMBER | |
| International Standard Book Number | 8120324536 |
| 082 ## - DEWEY DECIMAL CLASSIFICATION NUMBER | |
| Classification number | 025.04 |
| Item number | K872 |
| 090 ## - LOCALLY ASSIGNED LC-TYPE CALL NUMBER (OCLC); LOCAL CALL NUMBER (OCLC) | |
| -- | 761 |
| -- | 761 |
| 100 ## - MAIN ENTRY--PERSONAL NAME | |
| Personal name | Kothari, D.P. |
| 245 ## - TITLE STATEMENT | |
| Title | Hypermedia : |
| Remainder of title | From Multimedia to Virtual Reality-a Managerial Perspective / |
| Statement of responsibility, etc | D. P. Kothari, Anshu Saxena. |
| 260 ## - PUBLICATION, DISTRIBUTION, ETC. (IMPRINT) | |
| Place of publication, distribution, etc | New Delhi : |
| Name of publisher, distributor, etc | Prentice-Hall of India, |
| Date of publication, distribution, etc | 2004. |
| 300 ## - PHYSICAL DESCRIPTION | |
| Extent | 241 p. |
| Other physical details | ill. ; |
| Dimensions | 24 cm. |
| 500 ## - GENERAL NOTE | |
| General note | Includes index. |
| 650 ## - SUBJECT ADDED ENTRY--TOPICAL TERM | |
| Topical term or geographic name as entry element | Interactive multimedia |
| 700 ## - ADDED ENTRY--PERSONAL NAME | |
| Personal name | Saxena, Anshu. |
| 942 ## - ADDED ENTRY ELEMENTS (KOHA) | |
| Item type | Book - Borrowing |
| Call number prefix | 025.04K872 |
| Withdrawn status | Item status | Source of classification or shelving scheme | Damaged status | Not for loan | Vendor | Home library | Current library | Shelving location | Date acquired | Source of acquisition | Cost, normal purchase price | Total Checkouts | Total Renewals | Full call number | Barcode | Date last seen | Date last borrowed | Cost, replacement price | Koha item type |
|---|---|---|---|---|---|---|---|---|---|---|---|---|---|---|---|---|---|---|---|
| Dewey Decimal Classification | Central Library | Central Library | Lower Floor | 27/07/2006 | 65.00 | 1 | 1 | 025.04 KOT | 000003825 | 15/07/2025 | 09/12/2010 | 81.25 | Book - Borrowing |